| 000 | 00665 a2200193 4500 | ||
|---|---|---|---|
| 999 |
_c182877 _d182877 |
||
| 005 | 20211208160514.0 | ||
| 010 | _aENG-130245 | ||
| 020 |
_c600.00 _a978-93-81615-08-9 |
||
| 035 | _aEN-113777 | ||
| 037 | _bDBAD / PUB | ||
| 082 | _a330.0151 | ||
| 245 |
_aAn Introduction to Mathematical Concepts in Economics: _bVindeshwari Prasad |
||
| 250 | _a2012 | ||
| 260 |
_aNew Delhi _bPragatisheel Prakashan _c2012 |
||
| 270 |
_a4378/4B, 305, JMD House, Murarilal Street, Ansari Road, Daryaganj _bNew Delhi _e110002 _mpragatisheelprakashan@yahoo.in |
||
| 300 |
_axiii, 215p. _c22cm (pbk) |
||
| 700 | _aAmrendra | ||
| 942 |
_adpl _cEN _2ddc _h330.0151 _mPRA |
||